Immunology : A short course
Immunology: A Short Course, Seventh Edition introduces allthe critical topics of modern immunology in a clear and succinct yet comprehensive fashion. The authors offer uniquely-balanced coverage of classical and contemporary approaches and basic and clinical aspects. The strength of Immunology: A Sh...
Đã lưu trong:
| 主要作者: | |
|---|---|
| 格式: | 图书 |
| 语言: | Undetermined |
| 出版: |
Chichester, UK
Wiley
2015
|
| 主题: | |
| 标签: |
添加标签
没有标签, 成为第一个标记此记录!
|
| Thư viện lưu trữ: | Trung tâm Học liệu Trường Đại học Cần Thơ |
|---|
| LEADER | 01145nam a2200217Ia 4500 | ||
|---|---|---|---|
| 001 | CTU_230171 | ||
| 008 | 210402s9999 xx 000 0 und d | ||
| 020 | |c 1974000 | ||
| 082 | |a 616.079 | ||
| 082 | |b C678 | ||
| 100 | |a Coico, Richard | ||
| 245 | 0 | |a Immunology : | |
| 245 | 2 | |b A short course | |
| 245 | 0 | |c Richard Coico, Geoffrey Sunshine | |
| 260 | |a Chichester, UK | ||
| 260 | |b Wiley | ||
| 260 | |c 2015 | ||
| 520 | |a Immunology: A Short Course, Seventh Edition introduces allthe critical topics of modern immunology in a clear and succinct yet comprehensive fashion. The authors offer uniquely-balanced coverage of classical and contemporary approaches and basic and clinical aspects. The strength of Immunology: A Short Course is in providing a complete review of modern immunology without the burden of excessive data or theoretical discussions. Each chapter is divided into short, self-contained units that address key topics, illustrated by uniformly drawn, full-color illustrations and photographs. | ||
| 650 | |a Miễn dịch học,Immunology | ||
| 910 | |b nthai | ||
| 980 | |a Trung tâm Học liệu Trường Đại học Cần Thơ | ||